| 000 | 00972nam a2200265Ia 4500 | ||
|---|---|---|---|
| 003 | OSt | ||
| 005 | 20221005103514.0 | ||
| 006 | a|||||r|||| 00| 0 | ||
| 007 | ta | ||
| 008 | 221004b |||||||| |||| 00| 0 hin d | ||
| 020 |
_a9788131608913 _cINR 750.00 |
||
| 024 | _a34676 | ||
| 037 |
_b011, 01/09/2017, Classic Book Service _cTextual |
||
| 040 |
_aCRL _cCRL _bhin |
||
| 041 |
_2hin _ahin |
||
| 082 | _aY15, 152Q7 | ||
| 100 | _aशर्मा, पी. डी., ले. | ||
| 245 | 0 | _aमहिला सशक्तीकरण और नारीवाद | |
| 246 | _aMahilā sashaktīkaraṇ aur nārīvāda | ||
| 260 |
_aजयपुर _bरावत पब्लिकेशन भारत _c2017 |
||
| 300 |
_a212पृ0 _ccm. |
||
| 650 | _aमहिला सशक्तीकरण | ||
| 942 |
_hY15, 152Q7 _cTEXL _2cc |
||
| 999 |
_c1010232 _d1010232 |
||